| 000 | 01139cam a2200277 a 4500 | ||
|---|---|---|---|
| 001 | 4240678 | ||
| 003 | ARRUPE | ||
| 005 | 20151104114528.0 | ||
| 008 | 830222m19839999pau 000 0 eng | ||
| 010 | _a 83003983 | ||
| 020 | _a0915138654 (pbk. : v. 1) | ||
| 020 | _z0915138697 (pbk. : v. 2) | ||
| 040 |
_aDLC _cDLC _dDLC |
||
| 050 | 0 | 0 |
_aBS2341.3 _b.N48 1983 |
| 082 | 0 | 0 |
_a225.6 _219 |
| 100 | 1 |
_aNeumann, Frederick, _d1899-1967. _920896 |
|
| 245 | 1 | 4 |
_aThe binding truth : _ba selective homiletical commentary on the New Testament / _cby Frederick Neumann ; with a preface by Edith Neumann and an introduction by David H.C. Read. |
| 260 |
_aAllison Park, Pa. : _bPickwick Publications, _c1983-<1984 > |
||
| 300 |
_av. <1-2 > ; _c22 cm. |
||
| 500 | _aVol. 2, with an introd. by Donald G. Miller. | ||
| 505 | 1 | _av. 1. The proper self-concern, the Gospel according to Matthew -- v. 2. Why are you afraid?, the Gospels of Mark and John. | |
| 630 | 0 | 0 |
_aBible. _pNew Testament _xSermons. _920897 |
| 650 | 0 |
_aSermons, American _y20th century. _93003 |
|
| 906 |
_a7 _bcbc _corignew _d1 _eocip _f19 _gy-gencatlg |
||
| 942 |
_2lcc _cMONOGRAPH |
||
| 999 |
_c123730 _d123730 |
||